Echelle de mots de george à pipe - Statistiques

Statistiques générales
  • Ce quiz a été pris 779 fois
  • Le résultat moyen est 8 sur 13
Statistiques - réponses
Hint Réponse % Correct
Gros bogossss george
99%
profonde gorge
97%
on la fume pipe
96%
on y fourre les trains gare
86%
urinoir pipi
69%
maladie moyenâgeuse gale
68%
bain de sang gore
66%
vieux papi
65%
brackmar gaule
35%
améno pape
35%
Balkany y était taule
31%
ça fait mal tape
26%
un intrus taupe
21%
Aucun quiz correspondant
Distribution des résultats
% des personnes avec chaque résultat
Percentile par nombre de réponses
Votre historique - résultats
Vous n’avez pas pris ce quiz